00612nam a2200205 a 450000100060000000300080000600500170001400800410003103500130007203500180008504000220010304100080012508200200013310000200015324501000017326000380027330000270031150400310033860000370036977285BD-RjUL20211209082944.0200310s1966 enk 000 0 eng u a66-73001 a(OCoLC)554567 aCWRbengcBD-RjUL aeng a821.7bWES 19661 aWelsford, Enid.10aSalisbury Plain :ba study in the development of Wordsworth's mind and art /cBy Enid Welsford. aOxford :bBasil Blackwell,c1966. aviii, 171 p. ;c23 cm. aBibliography : p. 166-171.10aWordsworth, William,d1770-1850.